[Event "XXXV Magistral de Leon 2022"]
[Site "Leon"]
[Date "2022.07.09"]
[Round "1.4"]
[White "Esipenko, Andrey"]
[Black "Gelfand, Boris"]
[Result "1/2-1/2"]
[WhiteElo "2682"]
[BlackElo "2668"]
[Annotator "TA"]
[PlyCount "92"]
[EventDate "2022.07.08"]
[EventType "k.o."]
[EventCountry "ESP"]
[SourceTitle "playchess.com"]
[Source "ChessBase"]
[SourceQuality "1"]
[TimeControl "1200+10"]

{[%evp 9,92,0,3,-2,42,23,23,32,33,39,41,18,52,48,58,-4,31,12,29,12,10,5,17,8,7,0,0,0,50,48,47,48,83,87,87,89,83,89,80,70,62,63,58,72,86,86,93,93,122,122,122,122,122,106,114,70,70,56,56,56,56,49,58,65,72,72,72,50,72,72,72,72,72,72,72,72,72,72,72,72,72,72,72,72,72]} 1. e4 {[%emt 0:00:03]} c5 {[%emt 0:00:00]} 2. Nf3 {[%emt 0:00:02]} Nc6 {[%emt 0:00:02]} 3. Bb5 {[%emt 0:00:04]} e6 {[%emt 0:00:00]} 4. Bxc6 {[%emt 0:00:04]} bxc6 {[%emt 0:00:01]} 5. d3 {[%emt 0:00:04]} Ne7 {[%emt 0:00:02]} 6. Nbd2 {[%emt 0:00:03] B30: Sicilian: 2...Nc6 3 Bb5, lines without ...g6.} f6 {[%emt 0:00:04]} 7. Nh4 {[%emt 0:02:27][%cal Oe4e5] [#]} d5 $146 {[%emt 0:00:01]} ({Predecessor:} 7... e5 8. O-O d6 9. f4 exf4 10. Rxf4 Be6 11. b3 Qd7 12. Bb2 O-O-O 13. Rf1 d5 {½-½ (34) Hakobyan,A (2615)-Smirin,I (2603) Saint Louis 2022}) 8. f4 {[%emt 0:01:11] White has an edge.} c4 {[%emt 0:00:03]} 9. dxc4 {[%emt 0:00:45]} Qb6 {[%emt 0:00:06]} 10. Qf3 {[%emt 0:02:23] Against Qe3+} Rg8 {[%emt 0:00:01]} 11. a4 {[%emt 0:04:55][%cal Ba2a4,Ba4a5][%mdl 32]} Ba6 {[%emt 0:01:14]} 12. Qc3 {[%emt 0:00:38]} ({White should try} 12. a5 $14 Qc5 13. b3) 12... Ng6 {[%emt 0:02:56]} 13. a5 {[%emt 0:01:04]} Qb4 {[%emt 0:02:00] [#] And now ...Qxc3 would win.} 14. Qxb4 {[%emt 0:01:10]} Bxb4 {[%emt 0:00:01]} 15. Nxg6 {[%emt 0:00:04]} hxg6 {[%emt 0:00:03]} 16. Ra4 $36 {[%emt 0:01:33][%mdl 2048] White has the initiative.} Bd6 {[%emt 0:01:10]} 17. exd5 {[%emt 0:00:51]} exd5 {[%emt 0:00:08]} 18. cxd5 {[%emt 0:00:04]} O-O-O {[%emt 0:04:11]} (18... cxd5 $11 19. Kf2 Kf7) 19. Ne4 $14 {[%emt 0:00:20]} ({Much worse is} 19. dxc6 Rge8+ 20. Kf2 Bc5+ 21. Kg3 Re3+ 22. Nf3 Re2 $17) 19... Rge8 {[%emt 0:00:06] Hoping for ...Bb5.} 20. Kf2 {[%emt 0:00:20]} ({Avoid the trap} 20. dxc6 $2 Bb5 21. Rd4 Bc5 22. Rxd8+ Kxd8 $19) 20... Bf8 {[%emt 0:02:08] aiming for ...Bb5. This bishop pair is nice.} 21. d6 $1 {[%emt 0:01:39]} ({Don't play} 21. dxc6 Bb5 22. Nc3 Bxa4 23. Nxa4 Rd5 $15) 21... Bxd6 {[%emt 0:03:03]} 22. Nxd6+ {[%emt 0:00:13]} Rxd6 {[%emt 0:00:02] [#]} 23. Be3 $1 {[%emt 0:00:07]} c5 {[%emt 0:01:20]} 24. Re1 {[%emt 0:00:28]} Bb5 {[%emt 0:01:31]} 25. Raa1 {[%emt 0:00:19]} a6 {[%emt 0:00:21]} 26. Rad1 {[%emt 0:00:20]} Rxd1 {[%emt 0:00:13]} 27. Rxd1 $16 {[%emt 0:00:01][%mdl 4096] Endgame KRB-KRB} c4 {[%emt 0:00:01]} 28. c3 {[%emt 0:02:14]} Rd8 {[%emt 0:00:58]} 29. Rxd8+ {[%emt 0:00:41]} Kxd8 {[%emt 0:00:01] KB-KB} 30. Bc5 {[%emt 0:00:02]} Ke8 {[%emt 0:00:06]} 31. g4 {[%emt 0:00:17]} Kf7 {[%emt 0:00:39]} 32. g5 {[%emt 0:00:07]} Ke6 {[%emt 0:00:30]} 33. h4 {[%emt 0:00:10]} Kf5 {[%emt 0:00:26]} 34. Kg3 {[%emt 0:00:12]} fxg5 {[%emt 0:00:23]} 35. fxg5 {[%emt 0:00:40]} Ke4 {[%emt 0:00:28]} 36. Bd4 {[%emt 0:00:11]} Ba4 {[%emt 0:00:01]} 37. Bxg7 {[%emt 0:00:14]} Bd1 {[%emt 0:00:01]} 38. Kf2 {[%emt 0:00:15]} Bh5 {[%emt 0:00:09]} 39. Bd4 {[%emt 0:00:12] White is better.} Kd3 {[%emt 0:00:10]} 40. Bc5 {[%emt 0:00:06]} Ke4 {[%emt 0:00:11]} 41. Kg3 {[%emt 0:00:13]} Bd1 {[%emt 0:00:09]} 42. Be7 {[%emt 0:00:02]} Bh5 {[%emt 0:00:12]} 43. Bf8 {[%emt 0:00:02]} Bd1 {[%emt 0:00:05]} 44. Bg7 {[%emt 0:00:02]} Bh5 {[%emt 0:00:09]} 45. Bh8 {[%emt 0:00:01]} Bd1 {[%emt 0:00:04]} 46. Bf6 {[%emt 0:00:02]} Bh5 {[%emt 0:00:11] Weighted Error Value: White=0.07 (flawless) /Black=0.09 (flawless)} 1/2-1/2

[Event "XXXV Magistral de Leon 2022"]
[Site "Leon"]
[Date "2022.07.09"]
[Round "1.5"]
[White "Esipenko, Andrey"]
[Black "Gelfand, Boris"]
[Result "0-1"]
[WhiteElo "2682"]
[BlackElo "2668"]
[Annotator "TA"]
[PlyCount "114"]
[EventDate "2022.07.08"]
[EventType "k.o."]
[EventCountry "ESP"]
[SourceTitle "playchess.com"]
[Source "ChessBase"]
[SourceQuality "1"]
[TimeControl "300+3"]

{[%evp 10,114,24,29,40,24,29,16,28,27,24,22,18,2,61,49,54,39,56,39,31,37,42,33,33,37,39,6,50,38,36,21,38,30,57,35,49,25,28,25,52,36,37,27,51,50,58,35,60,29,81,86,96,97,101,105,122,95,159,119,147,131,126,60,48,48,29,-279,-272,-258,-291,-272,-271,-258,-149,-234,-230,-218,-221,-166,-39,-322,-348,-349,-308,-356,-368,-481,-458,-678,-447,-647,-665,-632,-539,-659,-665,-6119,-6109,-6119,-6095,-6079,-6069,-5311,-5367,-5265,-5261]} 1. e4 {[%emt 0:02:04]} c5 {[%emt 0:02:02]} 2. Nf3 {[%emt 0:00:02]} Nc6 {[%emt 0:00:02]} 3. Bb5 {[%emt 0:00:05]} e6 {[%emt 0:00:02]} 4. O-O {[%emt 0:00:03]} Nge7 {[%emt 0:00:01]} 5. d4 {[%emt 0:00:02]} cxd4 {[%emt 0:00:02]} 6. Nxd4 {[%emt 0:00:02]} Ng6 {[%emt 0:00:03] B30: Sicilian: 2...Nc6 3 Bb5, lines without ...g6.} 7. Be2 {[%emt 0:00:03]} Be7 {[%emt 0:00:02]} 8. c4 {[%emt 0:00:03]} O-O {[%emt 0:00:03] The position is equal.} 9. Nc3 {[%emt 0:00:02]} b6 {[%emt 0:00:08]} 10. Nb3 {[%emt 0:00:04]} Bb7 {[%emt 0:00:04]} 11. Be3 {[%emt 0:00:02]} Qc7 {[%emt 0:00:05]} (11... Bf6 $11) 12. f4 $14 {[%emt 0:00:02]} Rad8 {[%emt 0:00:06] [#]} 13. g3 $146 {[%emt 0:00:03]} ({Predecessor:} 13. Rc1 Qb8 14. Qd2 d6 15. g3 Rfe8 16. Bf3 Bf6 17. Rfd1 Nf8 18. Bf2 Be7 19. Qe2 {0-1 (53) Leko,P (2663)-Gelfand,B (2676) chess24.com INT 2020}) 13... d6 {[%emt 0:00:13]} 14. Rc1 {[%emt 0:00:05]} Qb8 {[%emt 0:00:02]} 15. Bf3 {[%emt 0:00:15]} Rfe8 {[%emt 0:00:05]} 16. Qe2 {[%emt 0:00:04]} Bf6 {[%emt 0:00:19]} 17. Rfd1 {[%emt 0:00:07]} Nf8 {[%emt 0:00:09]} 18. Qd2 {[%emt 0:00:27]} Be7 {[%emt 0:00:12]} 19. Bg2 {[%emt 0:00:12]} Nd7 {[%emt 0:00:03]} 20. Nd4 {[%emt 0:00:54]} Nf6 {[%emt 0:00:10]} 21. Qe2 {[%emt 0:00:13]} Bf8 {[%emt 0:00:08]} 22. Nb3 {[%emt 0:00:10]} Qa8 {[%emt 0:00:16]} 23. g4 {[%emt 0:00:15][%cal Bg3g4,Bg4g5][%mdl 32]} Qb8 {[%emt 0:00:20]} 24. g5 {[%emt 0:00:02]} Nd7 {[%emt 0:00:02]} 25. h4 {[%emt 0:00:02][%cal Bh2h4,Bh4h5,Bh5h6][%mdl 32]} Nc5 {[%emt 0:00:04]} 26. h5 {[%emt 0:00:12][%cal Og5g6]} g6 {[%emt 0:00:08]} 27. h6 $36 {[%emt 0:00:04][%mdl 2048] Black is under pressure.} Be7 {[%emt 0:00:19]} 28. Qg4 {[%emt 0:00:12]} Rf8 {[%emt 0:00:09]} 29. Qg3 {[%emt 0:00:03][%cal Of4f5]} Rfe8 {[%emt 0:00:14]} (29... f6 $11 {remains equal.}) 30. Nd4 $16 {[%emt 0:00:10]} Nxd4 {[%emt 0:00:25]} 31. Bxd4 {[%emt 0:00:02][%cal Of4f5]} e5 {[%emt 0:00:06]} 32. Be3 {[%emt 0:00:16]} exf4 {[%emt 0:00:09]} 33. Bxf4 {[%emt 0:00:02]} Ne6 {[%emt 0:00:02]} (33... Rd7 $142) 34. Be3 {[%emt 0:00:01]} Rc8 {[%emt 0:00:10]} 35. Nd5 {[%emt 0:00:02]} Bxd5 {[%emt 0:00:02]} 36. cxd5 {[%emt 0:00:02]} ({Better is} 36. exd5 $16 Nc5 37. Bd4) 36... Rxc1 $14 {[%emt 0:00:05]} 37. Rxc1 {[%emt 0:00:03]} Nc5 {[%emt 0:00:02][%cal Be6c5,Bc5d3,Bd3c1][%mdl 32]} 38. Qf4 $2 {[%emt 0:00:13][%mdl 8192]} (38. Bf4 $11 {and White stays safe.}) 38... Nd3 $1 $19 {[%emt 0:00:03][%csl LRb2,LRc1,LRf4]} 39. Qf1 {[%emt 0:00:06]} Nxc1 {[%emt 0:00:03]} 40. Qxc1 {[%emt 0:00:02]} Qc8 {[%emt 0:00:03] Hoping for ...Qxc1+.} 41. Qd1 {[%emt 0:00:03]} Bf8 {[%emt 0:00:10]} (41... Qc4 $19 {aiming for ...Rc8.} 42. Kh2 Rc8) 42. Bd4 {[%emt 0:00:04]} (42. Kh2 $17 {might work better.}) 42... Qd8 {[%emt 0:00:04]} 43. Qd2 {[%emt 0:00:04]} Be7 {[%emt 0:00:03]} 44. Be3 {[%emt 0:00:01] [#]} f6 {[%emt 0:00:05]} (44... Qd7 $1 $19 {Strongly threatening ...f6.} 45. Qd4 Bf8) 45. Bh3 $2 {[%emt 0:00:03][%mdl 8192]} (45. Qd4 $15) 45... fxg5 {[%emt 0:00:03]} 46. Be6+ Kh8 47. Bd4+ {[%emt 0:00:13]} Bf6 {[%emt 0:00:03]} 48. Qc3 {[%emt 0:00:02]} Rf8 {[%emt 0:00:02] Black is clearly winning.} 49. e5 {[%emt 0:00:04]} (49. Kg2 $142 Bxd4 50. Qxd4+ Qf6 51. Qc3) 49... dxe5 {[%emt 0:00:03]} 50. Bxe5 {[%emt 0:00:03]} (50. Bf2 $142 e4 51. Qc4) 50... Bxe5 {[%emt 0:00:04]} 51. Qxe5+ {[%emt 0:00:02]} Qf6 {[%emt 0:00:01]} 52. Qxf6+ {[%emt 0:00:04]} Rxf6 {[%emt 0:00:02]} 53. Kg2 {[%emt 0:00:02] [#]} Rxe6 $1 {[%emt 0:00:04]} 54. dxe6 {[%emt 0:00:02] KP-KP} Kg8 {[%emt 0:00:01]} 55. Kf3 {[%emt 0:00:05]} Kf8 {[%emt 0:00:02]} 56. Kg4 Ke7 57. Kxg5 Kxe6 {Weighted Error Value: White=0.63/Black=0.21 (precise)} 0-1

[Event "XXXV Magistral de Leon 2022"]
[Site "Leon"]
[Date "2022.07.09"]
[Round "1.6"]
[White "Gelfand, Boris"]
[Black "Esipenko, Andrey"]
[Result "0-1"]
[WhiteElo "2668"]
[BlackElo "2682"]
[Annotator "TA"]
[PlyCount "80"]
[EventDate "2022.07.08"]
[EventType "k.o."]
[EventCountry "ESP"]
[SourceTitle "playchess.com"]
[Source "ChessBase"]
[SourceQuality "1"]
[TimeControl "300+3"]

{[%evp 10,80,0,0,6,4,13,-12,2,10,10,12,17,16,29,6,26,11,34,28,44,46,50,64,70,43,69,51,52,45,39,48,53,36,37,38,50,50,52,42,42,35,35,0,101,52,178,229,462,450,451,-660,-714,-645,-569,-556,-586,-565,-560,-561,-543,-2047,-1034,-1021,-1006,-29996,-29994,-29996,-29995,-29997,-787,-29998,-29999]} 1. d4 {[%emt 0:02:03]} Nf6 {[%emt 0:02:02]} 2. c4 {[%emt 0:00:01]} e6 {[%emt 0:00:02]} 3. Nf3 {[%emt 0:00:02]} d5 {[%emt 0:00:02]} 4. Nc3 {[%emt 0:00:02]} Bb4 {[%emt 0:00:01]} 5. e3 {[%emt 0:00:02]} O-O {[%emt 0:00:04]} 6. Be2 {[%emt 0:00:02]} b6 {[%emt 0:00:03] E50: Nimzo-Indian: Rubinstein: 4...0-0 5 Nf3.} 7. O-O {[%emt 0:00:03]} Bb7 {[%emt 0:00:03]} 8. a3 {[%emt 0:00:02]} Bd6 {[%emt 0:00:01] The position is equal.} 9. b4 {[%emt 0:00:04]} a5 {[%emt 0:00:03]} 10. b5 {[%emt 0:00:04] [#]} Ne4 $146 {[%emt 0:00:02]} ({Predecessor:} 10... Nbd7 11. cxd5 exd5 12. Qb3 Ne4 13. a4 Re8 14. Ba3 Ndf6 15. Nxe4 dxe4 16. Nd2 Nd5 {0-1 (39) Djuric,S (2500)-Nikolac,J (2465) Pula 1984}) 11. Bb2 {[%emt 0:00:05]} Nd7 {[%emt 0:00:04]} 12. Qc2 {[%emt 0:00:17]} Qe7 {[%emt 0:00:04]} 13. a4 {[%emt 0:00:26]} f5 {[%emt 0:00:18]} 14. cxd5 {[%emt 0:00:26]} exd5 {[%emt 0:00:03]} 15. Qb3 {[%emt 0:00:02]} Qe6 {[%emt 0:00:27]} 16. Ba3 {[%emt 0:00:03]} Kh8 {[%emt 0:00:22]} 17. Bxd6 {[%emt 0:00:06]} (17. Rfc1 {is more complex.} Rac8 18. Rc2 Qe7 19. Bd3) 17... cxd6 {[%emt 0:00:03]} 18. Rac1 {[%emt 0:00:03]} Ndf6 {[%emt 0:00:08]} 19. Rc2 {[%emt 0:00:26]} Rae8 {[%emt 0:00:08]} 20. Nxe4 {[%emt 0:00:10]} fxe4 {[%emt 0:00:08]} 21. Nd2 {[%emt 0:00:02]} Qf7 {[%emt 0:00:11]} 22. Qa3 {[%emt 0:00:11]} Re6 {[%emt 0:00:12]} 23. Qc1 {[%emt 0:00:07]} Re7 {[%emt 0:00:07]} 24. Rc3 {[%emt 0:00:17]} h6 {[%emt 0:00:05]} 25. Qa3 {[%emt 0:00:15]} Qe6 {[%emt 0:00:07]} 26. Qc1 {[%emt 0:00:02]} Bc8 {[%emt 0:00:08]} (26... Qf7 $11 {keeps the balance.}) 27. Rc7 {[%emt 0:00:05]} (27. Rc6 $16) 27... Nh7 {[%emt 0:00:08]} ({Black should play} 27... Bb7 $1 $14) 28. Qc6 $18 {[%emt 0:00:10]} Rxc7 $2 {[%emt 0:00:05]} (28... Bd7 29. Qxb6 Qg6) 29. Qxc7 {[%emt 0:00:02]} Qg6 {[%emt 0:00:03] [#] Hoping for ...Bh3.} 30. Qxb6 $4 {[%emt 0:00:08][%mdl 8192]} (30. Kh1 $18) 30... Bh3 $1 $19 {[%emt 0:00:07][%csl Gh3][%cal Rg6g2]} 31. g3 {[%emt 0:00:10]} Bxf1 {[%emt 0:00:03]} 32. Bxf1 {[%emt 0:00:06]} Qf5 {[%emt 0:00:04]} 33. f4 {[%emt 0:00:08]} exf3 {[%emt 0:00:02][%cal Be4f3,Bf3f2][%mdl 32]} 34. Qxa5 {[%emt 0:00:06]} Ng5 {[%emt 0:00:12]} 35. Qb4 {[%emt 0:00:12]} f2+ {[%emt 0:00:02]} 36. Kg2 {[%emt 0:00:01]} Ne4 {[%emt 0:00:08] [#] ( -> ...Nxd2)} 37. Nxe4 {[%emt 0:00:16]} Qxe4+ {[%emt 0:00:02]} 38. Kh3 {[%emt 0:00:02]} Qf5+ {[%emt 0:00:02]} 39. Kg2 {[%emt 0:00:01]} Qf3+ {[%emt 0:00:02]} 40. Kh3 {[%emt 0:00:02]} Rf5 {[%emt 0:00:01] Weighted Error Value: White=0.59/Black=0.38} 0-1

[Event "XXXV Magistral de Leon 2022"]
[Site "Leon"]
[Date "2022.07.09"]
[Round "1.7"]
[White "Esipenko, Andrey"]
[Black "Gelfand, Boris"]
[Result "0-1"]
[WhiteElo "2682"]
[BlackElo "2668"]
[Annotator "TA"]
[PlyCount "196"]
[EventDate "2022.07.08"]
[EventType "k.o."]
[EventCountry "ESP"]
[SourceTitle "playchess.com"]
[Source "ChessBase"]
[SourceQuality "1"]

{[%evp 54,196,7,-10,58,0,135,80,96,86,100,102,149,62,141,66,52,-8,-23,-31,-12,-10,120,100,170,185,189,160,175,168,150,160,288,277,395,387,387,363,301,88,88,7,6,8,168,88,88,88,88,88,88,88,88,88,88,88,88,88,88,88,88,88,88,88,88,88,88,88,88,59,59,59,59,59,59,59,59,0,59,59,59,0,0,0,0,0,0,-29982,0,0,0,0,0,0,0,0,0,0,16,16,112,112,112,112,112,112,112,112,112,112,112,112,112,112,112,112,112,112,112,112,112,112,112,112,112,112,938,112,6111,1707,1510,0,0,0,0,0,0,0,0,0,0,0,0,0,0]} 1. d4 Nf6 2. Nf3 d5 3. Bf4 c5 4. e3 Nc6 5. Nbd2 Nh5 6. Be5 e6 7. c3 f6 8. Bg3 cxd4 9. exd4 g6 10. Bd3 Bg7 11. O-O Nxg3 12. hxg3 O-O 13. Re1 Kh8 14. Bb5 Qb6 15. Qe2 Bd7 16. Nb3 Rae8 17. Nc5 Bc8 18. a4 a6 19. Bxc6 Qxc6 20. Nd3 a5 21. Qe3 b6 22. g4 g5 23. Nh2 h6 24. f4 Ba6 25. Nf3 Qd6 26. g3 Bxd3 27. Qxd3 e5 28. Qf5 e4 (28... Qb8 $11) 29. Nh2 ({White should try} 29. Nd2 $14) 29... Qe6 (29... Re5 $11 30. Qg6 (30. dxe5 fxe5 31. fxg5 Rxf5 $17) 30... Re6) 30. Nf1 ({White should play} 30. Qxe6 Rxe6 31. f5) 30... Qxf5 $16 31. gxf5 Rf7 32. Ne3 Rd7 (32... Rd8 $142) 33. Kg2 (33. fxg5 $16 fxg5 34. g4) 33... Bf8 (33... gxf4 $14 34. gxf4 Rb8) 34. Kh3 (34. Ng4 $1 $16 {[%cal Rg4f6]} Bg7 35. fxg5 hxg5 36. Ra3) 34... Red8 35. Kg4 (35. fxg5 $14 hxg5 36. Kg2) 35... h5+ $11 36. Kh3 $1 ({Don't go for} 36. Kxh5 $2 gxf4 37. Nxd5 (37. gxf4 $2 Bd6 $19) 37... Rxd5 $19) 36... Bh6 37. Rf1 h4 (37... Rb8 $11) 38. Ng4 $16 hxg3 (38... Kg7 $16 {was necessary.}) 39. Nxh6 $18 Rh7 40. fxg5 fxg5 41. Kxg3 Rxh6 42. Rh1 $1 Rxh1 (42... Rh4 $16) 43. Rxh1+ $18 Kg7 (43... Kg8 $142 44. Kg4 Rf8 45. Kxg5 Re8) 44. Kg4 $18 Re8 45. Kxg5 e3 46. f6+ $2 (46. Kf4 $18 {is more deadly.}) 46... Kf7 $16 47. Kf5 (47. Re1 $16) 47... Re4 $1 $11 (47... e2 48. Rh7+ Kg8 49. f7+ Kf8 50. fxe8=Q+ Kxe8 51. Rh1 b5 52. axb5) 48. Re1 Re6 $2 (48... e2 $11 {and Black is okay.}) 49. Kf4 (49. Re2 $1 $18) 49... e2 $16 50. Kf3 Rxf6+ 51. Kxe2 Ke6 52. Kd3+ Kd6 53. Re3 Rf2 {[#]} 54. Re2 $1 Rf1 55. Kc2 Ra1 56. Kb3 Kc6 57. Re6+ Kc7 58. Rh6 Rg1 59. Rh2 Kc6 60. Ka2 Rd1 61. b3 Rd3 62. Kb2 Kc7 63. Re2 Rh3 64. Re6 Rg3 65. Re2 Rh3 $1 66. Rd2 Rg3 67. c4 ({Better is} 67. Rf2 $14) 67... Kc6 68. Kc2 dxc4 69. bxc4 Ra3 70. Rh2 $2 {[%mdl 8192]} (70. Re2 $11) 70... Rxa4 $2 (70... Ra2+ {mates} 71. Kd3 Rxh2 72. Ke4 Rh4+ 73. Ke3 Rh3+ 74. Kf2 Rd3 75. d5+ Kd6 76. Kf1 Rd4 77. Kg2 Rxc4 78. Kg3 Rxa4 79. Kg2 Kxd5 80. Kh3 Rc4 81. Kh2 a4 82. Kh3 a3 83. Kg2 a2 84. Kh3 a1=Q 85. Kg2 Rc3 86. Kh2 Qb2+ 87. Kh1 Rc1#) 71. Rh6+ $11 Kc7 72. Kd3 Ra1 73. Ke4 Rc1 74. Kd5 a4 75. Rh3 Kb7 76. Ra3 Rh1 (76... Rb1 $11 {keeps the balance.}) 77. Rxa4 $16 Rh5+ 78. Ke4 Rh4+ 79. Kd3 Rh3+ 80. Kc2 Rh2+ 81. Kb3 Rh4 82. Kc3 Rh3+ 83. Kb4 Rh4 84. d5 Rh1 85. Ra3 Rb1+ 86. Rb3 Rh1 87. Rf3 Rb1+ 88. Kc3 Rc1+ 89. Kd4 Rd1+ $2 {[%mdl 8192] [#]} (89... Kc7 $16 90. Rf7+ Kd6) 90. Ke4 $2 (90. Ke5 $1 $18 Re1+ 91. Kd6) 90... Rc1 $2 {[%mdl 8192]} (90... Re1+ $16 91. Kd3 Rd1+ 92. Kc2 Rh1 93. Rf7+ Kc8) 91. Rf7+ $18 Kc8 92. Ke5 $2 ({Only move:} 92. Kd4 $18 {Hoping for d6.} Rd1+ 93. Ke5) 92... Rxc4 $11 93. Kd6 b5 94. Rf8+ Kb7 95. Kd7 Rc7+ 96. Ke6 Rc1 97. d6 Re1+ 98. Kd7 b4 0-1

[Event "XXXV Magistral de Leon 2022"]
[Site "Leon"]
[Date "2022.07.09"]
[Round "2.1"]
[White "Gelfand, Boris"]
[Black "Anand, Viswanathan"]
[Result "0-1"]
[WhiteElo "2668"]
[BlackElo "2756"]
[Annotator "TA"]
[PlyCount "60"]
[EventDate "2022.07.08"]
[EventType "k.o."]
[EventCountry "ESP"]
[SourceTitle "playchess.com"]
[Source "ChessBase"]
[SourceQuality "1"]

{[%evp 24,60,12,35,41,46,38,0,0,0,-12,-39,-22,-73,-79,-71,-47,-83,-62,-169,-167,-153,-168,-171,-187,-191,-195,-198,-210,-203,-196,-314,-120,-122,-118,-112,-120,-766,-596]} 1. d4 Nf6 2. c4 e6 3. Nf3 d5 4. g3 dxc4 5. Bg2 c5 6. O-O Nc6 7. Ne5 Bd7 8. Nxc4 cxd4 9. Bf4 Nd5 10. Nd6+ Bxd6 11. Bxd6 Nde7 12. Nd2 O-O 13. Qb3 {[%mdl 1024] White has compensation.} b6 {[%cal Bb7b6,Bb6b5][%mdl 32] E04: Open Catalan: 5 Nf3.} 14. Rac1 {Bxe7 is the strong threat.} Rc8 15. Nc4 Re8 {[#] The position is equal.} 16. Ba3 $146 {This bishop pair is nice.} ({Predecessor:} 16. Bf4 Nf5 17. g4 Nh4 18. Nd6 Nxg2 19. Kxg2 Na5 20. Qd3 Rxc1 21. Rxc1 Re7 22. b4 {0-1 (35) Pajkovic,V (2423)-Kosic,D (2512) Cetinje 2010}) 16... Nf5 17. g4 b5 $1 18. Nd6 (18. Qxb5 $11 {keeps the balance.} d3 19. Ne5 (19. gxf5 $2 Nd4 $17) (19. exd3 Nfd4 $15) 19... Nxe5 20. Qxe5) 18... Nxd6 $17 19. Bxd6 Na5 20. Qg3 {And now Bc7 would win.} Nc4 {Strongly threatening ...Qb6.} 21. b3 ({White should play} 21. Be5 $15) 21... Nxd6 $19 22. Qxd6 e5 23. h3 {[#]} h5 $1 24. gxh5 {[#]} Rxc1 25. Rxc1 Qg5 $1 {[%csl LRc1,LRh3,LRh5]} 26. Rc7 Bxh3 {[%csl Gh3][%cal Rg5g2]} 27. Qc6 (27. Qd5 $142 Kh7 28. h6) 27... Rf8 $2 $40 {[%mdl 128] Black attacks with force.} (27... Rd8 $19 {Threatens to win with ...d3.} 28. Qf3 Bxg2 29. Qxf7+ Kh8) 28. Rxa7 $17 Bxg2 ({Of course not} 28... Qxh5 $6 29. Bxh3 Qxh3 30. Ra8 $11) 29. Qxg2 Qxh5 30. Ra8 $2 {[%mdl 8192]} (30. Qe4 $17) 30... Qxe2 {Weighted Error Value: White=0.70/Black=0.13 (very precise)} 0-1